Teče voda, vodička /

Uložené v:
Podrobná bibliografia
Hlavný autor: Šajner, Donát 1914-1990 (Author)
Médium: Kniha
Jazyk:Czech
Vydané: Praha : Státní nakladatelství dětské knihy, 1959.
Vydanie:1. vyd.
ISBN: (viaz.)
Fyzický popis: 29, [1] s.
Tagy: Pridať tag
Žiadne tagy, Buďte prvý kto otaguje tento záznam!

MARC

LEADER 00000nam a22000001 4500
001 000466294
005 20150425220657.0
008 980116 1959 xr e cze d
020 |a (viaz.)  |c Kćs 8,30 
040 |a SVKKK  |b slo  |c SVKKK  |e AACR2 
041 0 |a cze 
044 |a xr  |c CZ 
100 1 |a Šajner, Donát  |d 1914-1990  |4 aut 
245 1 0 |a Teče voda, vodička /  |c [Autor:] Donát Šajner ; [Barev.] il. Alois Moravec. 
250 |a 1. vyd. 
260 |a Praha :  |b Státní nakladatelství dětské knihy,  |c 1959. 
300 |a 29, [1] s. 
366 |e 5000 výt. 
500 |a Pre čitateľov od 6 rokov 
910 |a svkkk 
998 |a BK 
090 |g SCKHL  |k Sklad Pribinova 1. posch.  |a IV.14904  |j 174045  |i 466294-20  |s Prezenčne 
090 |g SCKHL  |k Sklad Pribinova 1. posch.  |a IV.17062  |j 178573  |i 466294-10  |s Prezenčne